UBT Library

English extra / (Record no. 43832)

000 -LEADER
fixed length control field 00764nam a2200253 a 4500
001 - CONTROL NUMBER
control field 4985172
005 - DATE AND TIME OF LATEST TRANSACTION
control field 20180301072210.0
008 - FIXED-LENGTH DATA ELEMENTS--GENERAL INFORMATION
fixed length control field 980226s1998 njua 000 0 eng
010 ## - LIBRARY OF CONGRESS CONTROL NUMBER
LC control number 98120302
020 ## - INTERNATIONAL STANDARD BOOK NUMBER
International Standard Book Number 0132281643 (student book)
020 ## - INTERNATIONAL STANDARD BOOK NUMBER
International Standard Book Number 0138720290 (activity book)
020 ## - INTERNATIONAL STANDARD BOOK NUMBER
International Standard Book Number 0138701148 (teacher's manual)
020 ## - INTERNATIONAL STANDARD BOOK NUMBER
International Standard Book Number 0138704112 (cassettes)
040 ## - CATALOGING SOURCE
Original cataloging agency DLC
Transcribing agency DLC
041 ## - LANGUAGE CODE
Language code of text/sound track or separate title eng
080 ## - UNIVERSAL DECIMAL CLASSIFICATION NUMBER
Universal Decimal Classification number 428.24 GRA
082 00 - DEWEY DECIMAL CLASSIFICATION NUMBER
Classification number 428.24 GRA
Edition number 21
100 1# - Rafti
Rafti 25
101 ## - Shkurtesa
Shkurtesa EDU
245 10 - TITLE STATEMENT
Title English extra /
Statement of responsibility, etc Grace Tanaka and Kay Ferrell.
906 ## - LOCAL DATA ELEMENT F, LDF (RLIN)
a 7
b cbc
c orignew
d 2
e ncip
f 19
g y-gencatlg
942 ## - ADDED ENTRY ELEMENTS (KOHA)
Source of classification or shelving scheme
Item type Books
Holdings
Withdrawn status Lost status Source of classification or shelving scheme Damaged status Not for loan Collection code Permanent location Current location Shelving location Date acquired Total Checkouts Full call number Barcode Date last seen Price effective from Koha item type
          Koleksioni i përgjithshem UBT - Lipjan UBT - Lipjan Koleksioni i përgjithshem 03/01/2018   428.24 GRA 002-3000313 03/01/2018 03/01/2018 Books
UBT Library © 2015-2024. All rights reserved University Education for Business and Technology